Statistics for US State General Knowledge #11 - Colorado

Click here to take the quiz!

General Stats

  • This quiz has been taken 232 times
  • The average score is 31 of 54

Answer Stats

HintAnswer% Correct
682,545Denver
99%
CapitalDenver
99%
AbbreviationCO
97%
Neighboring statesWyoming
87%
Neighboring statesUtah
86%
Neighboring statesArizona
84%
456,568Colorado Springs
84%
Neighboring statesKansas
83%
Neighboring statesNebraska
83%
Neighboring statesNew Mexico
83%
Nickname of the biggest cityMile-High City
82%
^ is located in this mountain rangeRocky Mountains
81%
NFL teamDenver Broncos
79%
How do you call the point where Colorado and Arizona meet each other?Four Corners
78%
Neighboring statesOklahoma
78%
The two biggest ski resortsAspen/Snowmass
76%
Does the Continental Divide passes through Colorado?Yes
76%
MLB teamColorado Rockies
73%
NBA teamDenver Nuggets
73%
What purchase brought half of the state into the U.S.?Louisiana Puchase
73%
Flagship of the University of Colorado systemBoulder
72%
This was legalized in 2012Marijuana
72%
359,407Aurora
70%
Part of Colorado belonged to this country beforeMexico
66%
NicknameThe Centennial State
66%
NHL teamColorado Avalanche
65%
The two highest mountains where you can drive toPikes Peak
65%
The two biggest ski resortsVail
65%
Year admitted to Union1876
62%
Most populous city in western ColoradoGrand Junction
62%
Highest pointMount Elbert
57%
161,175Fort Collins
55%
DemonymColoradan
49%
Location of The Stanley Hotel (The Shining)Estes Park
47%
Murdered child beauty queen, died aged 6 in 1996JonBenét Ramsey
43%
Nationality of the first Europeans who saw ColoradoSpain
43%
MLS teamColorado Rapids
42%
In which Aurora building shot a gunman 12 people down in 2012?Movie theater
41%
Pikes Peak was the inspiration for Katharine Lee Bates to write this patriotic songAmerica the Beautiful
38%
152,597Lakewood
36%
Longest street in AmericaColfax Avenue
35%
Tim "The Toolman" TaylorTim Allen
32%
Highest incorporated city in the U.S.Leadville
29%
The two highest mountains where you can drive toMount Evans
28%
Which deadly disease was treated in Colorado since the 1860s?Tuberculosis
28%
Colorado is also famous for Mike, the Headless ________Chicken
25%
This president signed Proclamation 230 (admission to Union)Ulysses S. Grant
25%
Highest point on the Interstate Highway SystemEisenhower Tunnel
22%
Which step of the state capitol fits with the nickname?The 13th
16%
Highest paved Colorado state highway passIndependence Pass
13%
Reigning Overall World Cup champion in alpine skiingMikaela Shiffrin
8%
Which city is known as the "Richest Square Mile on Earth"?Central City
7%
Boxer nicknamed "Kid Blackie", born in ManassaJack Dempsey
6%
68th United States Secretary of StateJohn Kerry
5%

Score Distribution

Percentile by Number Answered

Percent of People with Each Score

Your Score History

You have not taken this quiz